| 000 | 00368 a2200133 4500 | ||
|---|---|---|---|
| 082 | _a515.15 YUS | ||
| 100 | _aS M Yusuf | ||
| 245 |
_aCalculus With Analytic Geometry 6th Ed _cYusuf S M ; Amin M. |
||
| 250 | _a6th | ||
| 260 |
_aLahore _bIlmi Kitab Khana _c2002 |
||
| 300 |
_aXii 587 _bOrigenal |
||
| 500 | _aBE Textbook H&S,CFT Textbook | ||
| 942 |
_acaenust _k515,15 YUS |
||
| 999 |
_c426530 _d426530 |
||